Rozpočtový význam daní z medzinárodného obchodu

Rozpočtový význam daní z medzinárodného obchodu v rozvojových krajinách. Rozpočtový význam daní z medzinárodného obchodu v EÚ. Rozpočtový význam daní z medzinárodného obchodu na Slovensku.

Gespeichert in:
Bibliographische Detailangaben
1. Verfasser: Kubicová, Jana, 1961-
Format: Buchkapitel
Sprache:Slowakisch
Schlagworte:
Tags: Tag hinzufügen
Keine Tags, Fügen Sie das erste Tag hinzu!

MARC

LEADER 00000naa$a2200000$$$4500
001 0006220
005 20221128120936.3
041 0 |a slo 
044 |a SK 
245 1 0 |a Rozpočtový význam daní z medzinárodného obchodu  |c aut. Jana Kubicová 
520 |a Rozpočtový význam daní z medzinárodného obchodu v rozvojových krajinách. Rozpočtový význam daní z medzinárodného obchodu v EÚ. Rozpočtový význam daní z medzinárodného obchodu na Slovensku. 
610 2 0 |a dane 
610 2 0 |a obchod medzinárodný 
610 2 0 |a clá 
610 2 0 |a rozpočet štátny 
610 2 0 |a krajiny rozvojové 
610 2 0 |a Európska únia 
610 2 0 |a Slovensko 
100 1 |a Kubicová, Jana, 1961-